1697 1188 1693 1661 1364 1924 1037 1930 1377 1644 1457 1098 1026 1178 1923 1688 1452 1946 1936 1292 1187 1820 1206 1621 1528 1800 1505 1726 1474 1218 1087 1016 1782 1685 1568 1016 1192 1981 1587 1983 1868 1098 1681 1905 1729 1551 1027 1355 1530 1526 1017 1854 1379 1609 1436 1080 1373 1675 1003 1208 1702 1547 1327 1539 1944 1955 1608 1170 1642 1954 1371 1381 1213 1799 1636 1948 1767 1067 1398 1951 1672 1302 1713 1266 1253 1433 1254 1368 1871 1683 1173 1845 1125 1033 1519 1866 1889 1470 1642 BCNSPRNW ULIB Ver.6.0+V

เปลี่ยนเป็นภาษาไทย

Change to English
 แสดงรายละเอียดบรรณานุกรม
  กลับหน้าหลัก

Brief Record : Get Marc (ISO 2709) : E-mail record : QR code < ปิดหน้าต่าง
LEADER : 00000nam 2200000uu 4500
001    13399123672
003     ULIB
008    141104s2557||||th 000 0 tha d
020    ^a9786161120733
060  4 ^aWA590^bส691ร
100 0  ^aธีรพร สถิระอังกูร และคนอื่นๆ
245    ^aรูปแบบการส่งเสริมสุขภาพโดยพยาบาลผู้จัดการสุขภาพชุมชน/^cธีรพร สถิระอังกูร และคนอื่นๆ
260    ^aกรุงเทพฯ :^bเทพเพ็ญวานิสย์,^c2557
300    ^a95 หน้า
650    ^aการส่งเสริมสุขภาพโดยพยาบาลผู้จัดการสุขภาพชุมชน
710 1  สำนักการพยาบาล สำนักงานปลัดกระทรวงสาธารณสุข
710 1  สำนักงานกองทุนสนับสนุนการสร้างเสริมสุขภาพ
945    ^p0^l0^i036684
945    ^p0^l0^i036685
945    ^p0^l0^i036686
999    ^aเกษร โพธิ์สุวรรณ
รายการนี้ยังไม่มีแท็ก
คุณยังไม่ได้ล็อกอิน คุณสามารถมีกิจกรรมร่วมกับเว็บไซต์ได้ แต่ต้องล็อกอินก่อน ::
  ล็อกอิน

รายการสื่อสารสนเทศ

ลำดับที่ ประเภท เลขเรียก/บาร์โค้ด สถานที่ สถานะ
1. วิทยาศาสตร์การแพทย์ และสุขภาพ
วิทยาศาสตร์การแพทย์ และสุขภาพ
สถานะ=หนังสือเก่า
WA590 ส691ร ฉ.1 
  Barcode: 036684
ห้องสมุดวิทยาเขตสวรรค์ประชารักษ์
►ส่วนจัดเก็บหนังสือเก่า สปร
บนชั้น
  ขอยืม
2. วิทยาศาสตร์การแพทย์ และสุขภาพ
วิทยาศาสตร์การแพทย์ และสุขภาพ
สถานะ=หนังสือเก่า
WA590 ส691ร ฉ.2 
  Barcode: 036685
ห้องสมุดวิทยาเขตสวรรค์ประชารักษ์
►ส่วนจัดเก็บหนังสือเก่า สปร
บนชั้น
  ขอยืม
3. วิทยาศาสตร์การแพทย์ และสุขภาพ
วิทยาศาสตร์การแพทย์ และสุขภาพ
สถานะ=หนังสือเก่า
WA590 ส691ร ฉ.3 
  Barcode: 036686
ห้องสมุดวิทยาเขตสวรรค์ประชารักษ์
►ส่วนจัดเก็บหนังสือเก่า สปร
บนชั้น
  ขอยืม

BibComment


ยังไม่เคยถูกคอมเมนท์

คอมเมนท์ทรัพยากรรายการนี้
  คอมเมนท์: รูปแบบการส่งเสริ..


 Copyright 2026. Bcnsprnw @Library